000 00590nam a2200181 4500
001 118320
003 ES-MaACL
005 20250416222535.0
007 t|
008 070214s1972 sp r ||||1| spa d
100 1 _aPerucho, Joan,
_d1920-2003
_991415
245 1 0 _aHistorias secretas de balnearios con un lapidario portátil /
_cJoan Perucho ; prólogo de Martín de Riquer.
260 _aBarcelona :
_bPlaneta,
_c1972.
300 _a175 p. ;
_c20 cm.
700 1 _aRiquer, Martín de,
_d1914-2013
_9240061
852 _aES-MaACL
_jC-45769
_bR.83602
999 _c118320
_d118320